Zavádzanie obmedzení v obchodnom styku medzi Ruskou federáciou a členskými štátmi EÚ

Analýza systému spoločnej obchodnej politiky EÚ a dopady opatrení Európskej únie voči Rusku na slovenské hospodárstvo.

Gespeichert in:
Bibliographische Detailangaben
1. Verfasser: Wefersová, Jarmila
Format: Buchkapitel
Sprache:Slowakisch
Schlagworte:
Tags: Tag hinzufügen
Keine Tags, Fügen Sie das erste Tag hinzu!

MARC

LEADER 00000naa a2200000 4500
001 0210785
005 20221019165216.7
041 0 |a slo 
044 |a SK 
245 1 0 |a Zavádzanie obmedzení v obchodnom styku medzi Ruskou federáciou a členskými štátmi EÚ  |c Jarmila Wefersová 
520 |a Analýza systému spoločnej obchodnej politiky EÚ a dopady opatrení Európskej únie voči Rusku na slovenské hospodárstvo. 
610 2 0 |a Európska únia 
610 2 0 |a Slovensko 
610 2 0 |a Rusko 
610 2 0 |a vývoz 
610 2 0 |a politika obchodná 
610 2 0 |a spolupráca hospodárska medzinárodná 
100 1 |a Wefersová, Jarmila